Top 10 strikers of all time - Statistics

General Stats
  • This quiz has been taken 137 times
  • The average score is 4 of 10
Answer Stats
Hint Answer % Correct
1. Cristiano Ronaldo
98%
8. Luis Suarez
61%
5. Robert Lewandowski
53%
4. Thierry Henry
47%
2. Ronaldo Nazario
36%
9. Harry Kane
32%
3. Erling Haaland
31%
7. Diego Maradona
26%
10. Hugo Sanchez
2%
6. Zlatan Ibrahomivic
1%
No matching quizzes found
Score Distribution
Percent of People with Each Score
Percentile by Number Answered
Your Score History
You have not taken this quiz